Régions d'Europe par pays (Aléatoire) - Statistiques

Statistiques générales
  • Ce quiz a été pris 1 080 fois
  • Le résultat moyen est 14 sur 20
Statistiques - réponses
Hint Réponse % Correct
Normandie France
100%
Occitanie France
100%
Pays Basque Espagne
99%
Bavière Allemagne
98%
Lombardie Italie
98%
Flandre Belgique
97%
Corse France
97%
Nouvelle-Aquitaine France
97%
Auvergne-Rhône-Alpes France
96%
Bretagne France
96%
Pays de la Loire France
96%
Sibérie Russie
96%
Catalogne Espagne
95%
Crète Grèce
95%
Sicile Italie
95%
Sardaigne Italie
95%
Navarre Espagne
94%
Andalousie Espagne
93%
Îles Baléares Espagne
93%
Laponie Finlande
93%
Bourgogne-Franche-Comté France
93%
Toscane Italie
93%
Tchétchénie Russie
93%
Wallonie Belgique
92%
Grand Est France
92%
Vénétie Italie
92%
Piémont Italie
91%
Rhénanie-du-Nord-Westphalie Allemagne
90%
Brandebourg Allemagne
90%
Castille-et-León Espagne
90%
Transylvanie Roumanie
89%
Madère Portugal
88%
Yorkshire Royaume-Uni
88%
Galice Espagne
87%
Castille-la-Manche Espagne
87%
Østand Norvège
87%
Ligurie Italie
86%
Saxe Allemagne
85%
Aragon Espagne
85%
Bohême-Centrale République Tchèque
85%
Calabre Italie
83%
Pélopponèse Grèce
82%
Bohême-du-Sud République Tchèque
82%
Macédoine-Centrale Grèce
80%
Latium Italie
80%
Hesse Allemagne
79%
Essex Royaume-Uni
79%
Trøndelag Norvège
78%
Asturies Espagne
77%
Lancashire Royaume-Uni
77%
Thessalie Grèce
75%
Pouilles Italie
75%
Cornouailles Royaume-Uni
75%
Comté de Västra Götaland Suède
75%
Açores Portugal
74%
Jutland du Nord Danemark
73%
Höfuõborgarsvæsõiõ Islande
73%
Sarre Allemagne
72%
Comitat de Split-Dalmatie Croatie
71%
Jutland Central Danemark
71%
Zélande Pays-Bas
71%
Sjæland Danemark
70%
Campanie Italie
69%
Nord-Norge Norvège
67%
Préfecture de Tiranë Albanie
66%
Abruzzes Italie
66%
Leinster Irlande
64%
Voblast de Brest Biélorussie
62%
Moravie-du-Sud République Tchèque
58%
Carélie du Sud Finlande
55%
Silésie (Voïvodeies) Pologne
55%
Overijssel Pays-Bas
53%
Comitat d'Istrie Croatie
51%
Devon Royaume-Uni
51%
Carélie du Nord Finlande
48%
Brabant-Septentrional Pays-Bas
48%
Styrie Autriche
46%
Connacht Irlande
46%
Argovie Suisse
46%
Pest Hongrie
45%
Obwald Suisse
45%
Munster Irlande
43%
Mazovie Pologne
41%
Šumadija Serbie
38%
Préfecture de Korçë Albanie
36%
Nidwald Suisse
36%
Voïvodine Serbie
35%
Suõurland Islande
33%
Comitat d'Osijek-Baranja Croatie
32%
Basse-Styrie Slovénie
32%
Paroisse de Canillo Andorre
31%
Drenthe Pays-Bas
31%
Carinthie Autriche
29%
Sakha Russie
29%
Savonie du Sud Finlande
27%
Comté de Norrbotten Suède
26%
Viru Oriental Estonie
24%
Savonie du Nord Finlande
23%
Viru Occidental Estonie
22%
Austurland Islande
21%
Ostrobotnie Finlande
20%
Haute-Carnolie Slovénie
16%
Région de Saare Estonie
11%
Westurland Islande
8%
Aucun quiz correspondant
Distribution des résultats
% des personnes avec chaque résultat
Percentile par nombre de réponses
Votre historique - résultats
Vous n’avez pas pris ce quiz